| 000 | 00000nas 2200000zi 4500 |
| 001 | 9.949467 |
| 003 | CaOODSP |
| 005 | 20250324145423 |
| 006 | m o d f |
| 007 | cr ||||||||||| |
| 008 | 250324d19861991onc | m o f0###b0fre|d |
| 040 | |aCaOODSP|bfre|erda|cCaOODSP |
| 043 | |an-cn--- |
| 086 | 1 |aCo24-3/11F-PDF |
| 245 | 00|aEvaluation assessment = |brapport préparatoire d'évaluation. |
| 246 | 11|aRapport préparatoire d'évaluation |
| 246 | 33|aSéries d'évaluation de programme |
| 264 | 1|aOttawa : |bMinistère des communications. |
| 310 | |aIrrègulier |
| 336 | |atexte|btxt|2rdacontent/fre |
| 337 | |ainformatique|bc|2rdamedia/fre |
| 338 | |aressource en ligne|bcr|2rdacarrier/fre |
| 500 | |aÉdition numérisée de l'imprimé [par Innovation, Sciences et Développement économique Canada]. |
| 500 | |aPublié aussi en anglais sous le titre : Evaluation assessment. |
| 650 | 6|aCommunication dans l'administration publique|zCanada|xÉvaluation. |
| 710 | 1 |aCanada. |bMinistère des communications. |
| 775 | 08|tEvaluation assessment = |w(CaOODSP)9.940712 |